Estatutos y reglamento interior del Ateneo Artístico y Literario de Señoras de Madrid. (Registro nro. 173637)

Detalles MARC
000 -LEADER
campo de control de longitud fija 00813nam a2200193 i 4500
001 - NÚMERO DE CONTROL
campo de control 173637
003 - IDENTIFICADOR DE NÚMERO DE CONTROL
campo de control ES-MaACL
005 - FECHA Y HORA DE LA ÚLTIMA TRANSACCIÓN
campo de control 20230906215311.0
008 - DATOS DE LONGITUD FIJA--INFORMACIÓN GENERAL
campo de control de longitud fija 091218s1869 sp |||| | spa d
110 2# - ENTRADA PRINCIPAL--NOMBRE DE ENTIDAD CORPORATIVA
Nombre de entidad corporativa o nombre de jurisdicción como elemento de entrada Ateneo Artístico y Literario de Señoras de Madrid.
9 (RLIN) 141842
245 10 - MENCIÓN DEL TÍTULO
Título Estatutos y reglamento interior del Ateneo Artístico y Literario de Señoras de Madrid.
260 ## - PUBLICACIÓN, DISTRIBUCIÓN, ETC.
Lugar de publicación, distribución, etc. Madrid :
Nombre del editor, distribuidor, etc. [s.n.],
Fecha de publicación, distribución, etc. 1869 (
Fabricante Imp. de los Sres. Rojas)
300 ## - DESCRIPCIÓN FÍSICA
Extensión 16 p. ;
Dimensiones 19 cm.
594 ## - Nota al título y mención de responsabilidad
Nota al título y mención de responsabilidad Al final del texto: La presidenta, Faustina Sáez de Melgar. La secretaria primera, Vicenta de Villalonga.
610 24 - PUNTO DE ACCESO ADICIONAL DE MATERIA--NOMBRE DE ENTIDAD CORPORATIVA
Nombre de entidad corporativa o nombre de jurisdicción como elemento de entrada Ateneo Artístico y Literario de Señoras de Madrid.
9 (RLIN) 141842
700 1# - ENTRADA AGREGADA--NOMBRE PERSONAL
Nombre de persona Saez de Melgar, Faustina.
9 (RLIN) 132272
700 1# - ENTRADA AGREGADA--NOMBRE PERSONAL
Nombre de persona Villalonga, Vicenta.
9 (RLIN) 162012
852 1# - LOCALIZACIÓN
Ubicación BA
Número de control de estantería 2284-F-22
condición física - Ejemp. fotocopiado
Existencias
Estatus retirado Estado de pérdida Estado de daño No para préstamo Colección Biblioteca de origen Biblioteca actual Ubicación en estantería Fecha de adquisición Fuente de adquisición Total de préstamos Signatura topográfica completa Código de barras Visto por última vez Precio de reemplazo Tipo de ítem Koha
        Colección de folletos Biblioteca del Ateneo de Madrid Biblioteca del Ateneo de Madrid Depósito folletos 18/12/2009     2284-F-22 1182215 23/02/2023 23/02/2023 Folleto